<?xml version="1.0" encoding="UTF-8"?>
<collection xmlns="http://www.loc.gov/MARC21/slim">
  <record>
    <leader>00000nam  2200000   4500</leader>
    <controlfield tag="001">INLIS000000000001697</controlfield>
    <controlfield tag="005">20180724142852</controlfield>
    <controlfield tag="008">180724|||||||||   |   |||   |||| ||   | </controlfield>
    <datafield tag="035" ind1=" " ind2=" ">
      <subfield code="0">010-0718001697</subfield>
    </datafield>
    <datafield tag="041" ind1=" " ind2=" ">
      <subfield code="a">id</subfield>
    </datafield>
    <datafield tag="082" ind1=" " ind2=" ">
      <subfield code="a">R.18</subfield>
    </datafield>
    <datafield tag="090" ind1=" " ind2=" ">
      <subfield code="a">R.18 PIM I 2016</subfield>
    </datafield>
    <datafield tag="100" ind1=" " ind2=" ">
      <subfield code="a">Sudarmonowati Enny</subfield>
    </datafield>
    <datafield tag="245" ind1=" " ind2=" ">
      <subfield code="a">Pengembangan Museum Nasional Sejarah Alam Indonesia Yang Edukatif, Interaktif, dan Komunikatif : Model Revitalisasi Museum di Indonesia</subfield>
    </datafield>
    <datafield tag="260" ind1=" " ind2=" ">
      <subfield code="a">Jakarta</subfield>
      <subfield code="b">LAN Jakarta</subfield>
      <subfield code="c">2016</subfield>
    </datafield>
    <datafield tag="300" ind1=" " ind2=" ">
      <subfield code="a">viii, 68 hlm., Ilus, 30 cm</subfield>
    </datafield>
    <datafield tag="500" ind1=" " ind2=" ">
      <subfield code="a">Manfaat dari Proyek Perubahan ini yang dibagi berdasarkan segmen target bervariasi yaitu masyarakat, peneliti, swasta/industri, Negara, turis dan siswa sekolah/perguruan tinggi. Selain pengguna/pengunjung museum memperoleh wawasan dan ilmu pengetahuan serta bahan penelitian tentang sejarah alam Indonesia, juga menyadari kekayaan alam sehingga dapat memanfaatkan secara berkelanjutan untuk kesejahteraan bangsa.</subfield>
    </datafield>
    <datafield tag="650" ind1=" " ind2=" ">
      <subfield code="a">Museum Nasional</subfield>
    </datafield>
  </record>
</collection>
